00771nam a2200265Ia 450000500170000000800460001702000180006303700100008104000080009104000080009904000080010704100080011504100080012308400080013110000440013924500690018326000220025226000220027426000090029665000300030585600480033594200100038399900210039395200910041420260121124659.0008 260114s9999 xx 000 0 eng d a9781529228472 aEBOOK aCRL beng cCRL 2eng aeng qCRL aSantino F. Regilme Jr, Salvador9980135 4aThe United States and China in the Era of Global Transformations bWalter de Gruyter bWalter de Gruyter c2023 aPolitical Science9980136 uhttp://www.degruyter.com/isbn/9781529228472 cEBOOK c1556398d1556398 00104070aCRLbCRLd2026-01-21l0pCL1880512r2026-01-21 12:46:59w2026-01-21yEBOOK